Holiday Quiz

Random Holiday or Easter Quiz

Animals with a Bunny Quiz Stats

 Plays Quiz Updated Apr 21, 2019

Score 0/16 Timer 02:30
9 Plays Today
% Correct
Cat
97.6%
Sheep
97.2%
Tortoise
96.9%
Tiger
96.9%
Fox
96.9%
Deer
96.7%
Dog
95.9%
Duck
95.6%
% Correct
Dwarf Hamster
95.5%
Chicken
95.3%
Goat
95.1%
Parakeet
93.6%
Peacock
93.1%
Dove
90.3%
Pony
87.3%
Alpaca
81.5%

You're not logged in!

Compare scores with friends on all Sporcle quizzes.
OR
Log In

Show Comments

Extras

Top Quizzes Today


Score Distribution

Your Account Isn't Verified!

In order to create a playlist on Sporcle, you need to verify the email address you used during registration. Go to your Sporcle Settings to finish the process.

Report this User

Report this user for behavior that violates our Community Guidelines.

Details: